English Language & Communication Skills (Record no. 16427)
[ view plain ]
| 000 -LEADER | |
|---|---|
| fixed length control field | 00576nam a22002057a 4500 |
| 008 - FIXED-LENGTH DATA ELEMENTS--GENERAL INFORMATION | |
| fixed length control field | 260423b |||||||| |||| 00| 0 eng d |
| 020 ## - INTERNATIONAL STANDARD BOOK NUMBER | |
| International Standard Book Number | 9788196173524 |
| 040 ## - CATALOGING SOURCE | |
| Original Cataloguing agency | Sibsagar Commerce College Central Library |
| 041 ## - LANGUAGE CODE | |
| Language code of text/sound track or separate title | English |
| 082 ## - DEWEY DECIMAL CLASSIFICATION NUMBER | |
| Classification number | 428 |
| Book Number | DHA |
| 100 ## - MAIN ENTRY--PERSONAL NAME | |
| Personal name | Dharisini, S. P. |
| Fuller form of name | Dr. S. Priya |
| 245 ## - TITLE STATEMENT | |
| Title | English Language & Communication Skills |
| 250 ## - EDITION STATEMENT | |
| Edition statement | 2nd Revised Ed. |
| 260 ## - PUBLICATION, DISTRIBUTION, ETC. | |
| Place of publication, distribution, etc. | Dibrugarh |
| Name of publisher, distributor, etc. | Mahaveer Publications |
| Date of publication, distribution, etc. | 2025 |
| 300 ## - PHYSICAL DESCRIPTION | |
| Pages | 236p. ; |
| Dimensions | 28 cm |
| 505 ## - FORMATED CONTENTS NOTE | |
| Formated content notes | FYUGP (NEP) <br/>AEC -2<br/>2nd Semester <br/>Dibrugarh University |
| 650 ## - Subject | |
| Subject | English |
| 942 ## - ADDED ENTRY ELEMENTS (KOHA) | |
| Source of classification or shelving scheme | Dewey Decimal Classification |
| Koha item type | Books |
| Withdrawn status | Lost status | Source of classification or shelving scheme | Damaged status | Not for loan | Collection code | Home library | Current library | Shelving location | Date acquired | Source of acquisition | Cost, normal purchase price | Total Checkouts | Full call number | Barcode | Date due | Date last seen | Date last checked out | Copy number | Cost, replacement price | Price effective from | Koha item type |
|---|---|---|---|---|---|---|---|---|---|---|---|---|---|---|---|---|---|---|---|---|---|
| Dewey Decimal Classification | English | Sibsagar Commerce College Central Library | Sibsagar Commerce College Central Library | General Stacks | 10/04/2026 | Kitap Ghar | 200.00 | 1 | 428 DHA | 29334 | 16/05/2026 | 28/04/2026 | 28/04/2026 | 5 | 400.00 | 23/04/2026 | Books | ||||
| Dewey Decimal Classification | English | Sibsagar Commerce College Central Library | Sibsagar Commerce College Central Library | General Stacks | 10/04/2026 | Kitap Ghar | 200.00 | 1 | 428 DHA | 29335 | 15/05/2026 | 27/04/2026 | 27/04/2026 | 6 | 400.00 | 23/04/2026 | Books | ||||
| Dewey Decimal Classification | English | Sibsagar Commerce College Central Library | Sibsagar Commerce College Central Library | General Stacks | 10/04/2026 | Kitap Ghar | 200.00 | 428 DHA | 29336 | 23/04/2026 | 7 | 400.00 | 23/04/2026 | Books | |||||||
| Dewey Decimal Classification | English | Sibsagar Commerce College Central Library | Sibsagar Commerce College Central Library | General Stacks | 10/04/2026 | Kitap Ghar | 200.00 | 428 DHA | 29337 | 23/04/2026 | 8 | 400.00 | 23/04/2026 | Books | |||||||
| Dewey Decimal Classification | English | Sibsagar Commerce College Central Library | Sibsagar Commerce College Central Library | General Stacks | 10/04/2026 | Kitap Ghar | 200.00 | 1 | 428 DHA | 29338 | 14/05/2026 | 25/04/2026 | 25/04/2026 | 9 | 400.00 | 23/04/2026 | Books |
